000 00674nam a2200229 i 4500
001 6928
003 ES-MaACL
005 20250729081830.0
007 t|
008 900712s1988 sp ||||1| spa d
020 _a84-345-8407-7
080 _a576.12
100 1 _aLeith, Brian.
_971403
245 1 3 _aEl Legado de Darwin /
_cBrian Leith.
260 _aBarcelona :
_bSalvat,
_cD.L. 1988.
300 _aIX, 176 p. :
_bil. ;
_c19 cm.
490 1 _aBiblioteca científica Salvat ;
_v38
650 7 _aEvolucionismo
_2embne
_912629
830 0 _aBiblioteca científica Salvat ;
_v38
_9177703
852 _aES-MaACL
_jL-14124
_bR.117714
_z. - rust.
999 _c6928
_d6928